LDR 00862naa#a2200181#i#450# 001 RU\\bibl\122899 005 20260513020959.3 011 ## _a3034-4689 100 ## _a20260508b2026####ek#y0rusy0150####ca 102 ## _aRU 200 1# _aКОЛЛОИДНО-ХИМИЧЕСКИЕ ЗАКОНОМЕРНОСТИ ФОРМИРОВАНИЯ АНТИСЕПТИЧЕСКИХ ГЕЛЕЙ НА ОСНОВЕ КАРБОМЕРОВ В ВОДНО-СПИРТОВЫХ РАСТВОРАХ _eЖурнальная статья 210 1# _aКазань _cКазанский национальный исследовательский технологический университет _d2026 215 ## _a6 с. 608 ## _aЖурнальная статья _2local 700 #1 _aГатауллин _gА Р 700 #1 _aШакирова _gЛ. Ф. 700 #1 _aБогданова _gС А 856 4# _avestniktu.ru _u